Business applications shareware

Bibliographic Details
Main Author: Digiovanna, Jenifer Holt
Format: Book
Published: USA : McGraw-Hill , 1991
Subjects:

MARC

LEADER 00000cam a2200000 7i4500
001 0000033743
002 000036446
005 20000331.0
020 |a 0830624902 
090 0 0 |a 650.0285 IG 
100 0 |a Digiovanna, Jenifer Holt 
245 1 0 |a Business applications shareware   |c by Jennifer Holt Digiovanna & Ed Digiovanna 
260 |a USA :   |b McGraw-Hill ,   |c 1991 
300 |a 286 p. :   |b ill. ;   |c 24 cm. 
650 0 0 |a Computer software 
999 |a 042708   |b BUKU   |c PINJAMAN   |e PERPUSTAKAAN KOMUNITI PETALING JAYA